Illustrated book of great composers
| Main Author: | |
|---|---|
| Other Authors: | |
| Format: | Book |
| Published: |
London :
Southwater ,
2007
|
| Subjects: |
MARC
| LEADER | 00000cam a2200000 7i4500 | ||
|---|---|---|---|
| 001 | 0000115708 | ||
| 005 | 20080117.0 | ||
| 020 | |a 1844760863 | ||
| 090 | 0 | 0 | |a 780.92 |b THO |
| 100 | 1 | |a Thomson, Wendy | |
| 245 | 1 | 0 | |a Illustrated book of great composers |c WendyThompson |
| 260 | |a London : |b Southwater , |c 2007 | ||
| 300 | |a 256p. : |b ill. ; |c 22cm. | ||
| 650 | 0 | 0 | |a Composers |x Biography |
| 700 | 1 | |a Jollands, Beverly | |
| 999 | |a 00207848 |b BUKU |c PINJAMAN |e PERPUSTAKAAN KOMUNITI PETALING JAYA | ||